| 000 | 00530nam a22001817a 4500 | ||
|---|---|---|---|
| 999 |
_c18347 _d18347 |
||
| 008 | 200723b xxu||||| |||| 00| 0 eng d | ||
| 020 | _a0123750839 | ||
| 040 |
_aKABU _cKABU |
||
| 050 |
_aQP141 _b.E53 2013 |
||
| 245 |
_aEncyclopedia of human nutrition _cEditor-in-Chief Benjamin Caballero |
||
| 250 | _a3rd ed. | ||
| 260 |
_aAmsterdam _bElsevier _c2013 |
||
| 300 | _axlv, 429 p. | ||
| 650 |
_aNutrition _xEncyclopedias |
||
| 650 |
_aDietetics _xEncyclopedias |
||
| 700 | _aCaballero, Benjamin | ||
| 942 |
_2lcc _cBK _hQP141 |
||